| 000 | 00364 a2200121 4500 | ||
|---|---|---|---|
| 020 | _a9812531173 | ||
| 082 | _a693.542 LIN | ||
| 100 | _aLin, T. Y. | ||
| 245 |
_aDesign of Prestressed Concrete Structures/ _cT. Y. Lin, Ned H. Burns |
||
| 250 | _a3rd ed | ||
| 260 |
_aNew York : _bJohn Willey and Sons, _c1980 |
||
| 300 |
_aviii, 646p. : _bill. ; _c25 cm |
||
| 650 | _aPrestressed Concrete Structures | ||
| 999 |
_c1815 _d1815 |
||